| 000 | 00697cab a2200253 4500 | ||
|---|---|---|---|
| 001 | WB3231-70 | ||
| 008 | 090401t1996 xxu||||| |||| 00| 0 eng d | ||
| 035 | _a(Sirsi) u69797 | ||
| 041 | _aeng | ||
| 245 | _aWorking from home for local authorities | ||
| 260 | _c1996 | ||
| 350 | _a0 | ||
| 490 |
_aHerald _v3 August 1996, 12 (1) |
||
| 520 | _aReviews local authorities` experiences of home working, focusing on Birmingham City Council. | ||
| 650 | _aBIRMINGHAM | ||
| 650 | _aHOME WORKING | ||
| 650 | _aHOT-DESKING | ||
| 650 | _aLOCAL AUTHORITIES | ||
| 650 | _aOFFICES | ||
| 650 | _aTELEWORKING | ||
| 690 | _aOFFICE SERVICES AND ADMINISTRATION | ||
| 942 | _n0 | ||
| 948 | _c04/03/1997 | ||
| 999 |
_c43877 _d43877 |
||